LEADER 01082nam a2200205 i 4500 001 000000006900 003 CaOOAMICUS 005 20180830125438.0 008 180830s1971 be u000 u und u 040 $aSeMil$bita 100 1 $aMoeller, Edmond Eugène .$0(OLS)http://semarc/name/89139 245 10$aCorpus benedictionum pontificalium /$cédité avec une étude, un index scripturaire et liturgique et un index verborum par Edmond Eugène Moeller. 260 $aTurnholti :$bBrepols,$c1971-1979. 650 4$aBenedizioni - Fonti.$0(OLS)http://semarc/subject/1097 774 0 $t[Index verborum C-Z].$kCorpus Christianorum. Series Latina$w()105188 774 0 $t[Benedictiones 1.-947].$kCorpus Christianorum. Series Latina$w()105189 774 0 $t[Benedictiones 948-2093].$kCorpus Christianorum. Series Latina$w()105190 774 0 $t[Praefatio ; Indices concord. verb. A-B]. 1973.$kCorpus Christianorum. Series Latina$w()105191 996 $6245$aCorpus benedictionum pontificalium$9(OLS)http://semarc/title/9222 996 $6260$aTurnholti :$bBrepols$9(OLS)http://semarc/publisher/29625 LEADER 00896nam a2200217 i 4500 001 000000179640 003 CaOOAMICUS 005 20110204000000.0 008 110204s1997 it u000 u ita u 013 $a157225 040 $aSeMil$bita 100 1 $aPozzoli, Luigi,$d<1932-2011>.$0(OLS)http://semarc/name/4230 245 10$a"Vedo un ramo di mandorlo" ... (Ger. 1., 11) :$briflessioni Pasquali /$cLuigi Pozzoli. 260 $aMilano :$b[s.n.],$c1997. 300 $a29 p. ;$c21 cm. 500 $aIn testa al front. : Parrocchia di S. Maria al Paradiso e S. Calimero. 850 $aSeMil 852 $aSeMil$W1$xVenegono$y1$m5B XII 10/28$j130402$B130402$CSeMilBibl$Z2$F159041 $81 961 $aOmaggio: Altro 996 $6245$a"Vedo un ramo di mandorlo" ... (Ger. 1., 11) :$briflessioni Pasquali$9(OLS)http://semarc/title/257932 996 $6260$aMilano :$b[s.n.]$9(OLS)http://semarc/publisher/29709